000
00273nam a22001217a 4500
008
180928b xxu||||| |||| 00| 0 eng d
041
_a
eng
080
_a
510
100
_a
821
101
_a
MEK
245
_a
Basic Mathematics for Engineers
_c
Andres, P.G
942
_2
udc
_c
BK
999
_c
48643
_d
48643